000 00792nam a22002297a 4500
003 OSt
005 20260126064630.0
008 260126b |||||||| |||| 00| 0 eng d
020 _a9786214063819
040 _aDWCL - Main Lib.
_cOC
082 _aFil. 651.9 M251a 2024
100 _aMaliwat, Markdolf C.
_eAuthor
245 _aApplied business tools and technologies in tourism and hospitality /
_cMarkdolf C. Maliwat & Jefferson S. Marcelo
260 _aManila, Philippines:
_bMindshapers Co.,
_cc2024
300 _aviii,
_b211 pages;
_c23 cm.
504 _aIncludes bibliographical references.
650 _a1. Business Tools.
650 _a2. Tourism industry.
650 _a3. Hospitality industry.
700 _aI. Marcelo, Jefferson S.
_eAuthor
942 _2ddc
_cBK - FIL
_n0
999 _c7802
_d7802